Politische Hintergründe und Durchführung von Liberalisierungspoltik in der Tschechischen Republik am Beispiel des Telekommunikationssektors (Record no. 3473)

MARC details
000 -LEADER
fixed length control field 00616nam a22001937i 4500
001 - CONTROL NUMBER
control field 3523
003 - CONTROL NUMBER IDENTIFIER
control field OSt
005 - DATE AND TIME OF LATEST TRANSACTION
control field 20170126082319.0
007 - PHYSICAL DESCRIPTION FIXED FIELD--GENERAL INFORMATION
fixed length control field tu
008 - FIXED-LENGTH DATA ELEMENTS--GENERAL INFORMATION
fixed length control field 161220s1997 xxu||||| |||| 00| 0 d
024 7# - OTHER STANDARD IDENTIFIER
Standard number or code 3522
Source of number or code RID
040 ## - CATALOGING SOURCE
Transcribing agency OSt
084 ## - OTHER CLASSIFICATION NUMBER
Classification number 15.7
-- 15.561
Number source z
100 1# - MAIN ENTRY--PERSONAL NAME
Personal name Warta, Katharina
245 00 - TITLE STATEMENT
Title Politische Hintergründe und Durchführung von Liberalisierungspoltik in der Tschechischen Republik am Beispiel des Telekommunikationssektors
Remainder of title Abschlußbericht "Robert Bosch Stiftungskolleg für internationale Aufgaben", 1995/96
260 ## - PUBLICATION, DISTRIBUTION, ETC.
Date of publication, distribution, etc. 1997
300 ## - PHYSICAL DESCRIPTION
Extent 45 S. ;
Dimensions 30cm.
651 ## - SUBJECT ADDED ENTRY--GEOGRAPHIC NAME
Geographic name Czech Republic
942 ## - ADDED ENTRY ELEMENTS (KOHA)
Koha item type Book
Holdings
Withdrawn status Lost status Damaged status Not for loan Home library Current library Shelving location Date acquired Inventory number Total Checkouts Full call number Barcode Date last seen Price effective from Koha item type
        WIIW WIIW Library 06/18/1997 3523   II-6.180 303521 01/26/2017 01/26/2017 Book
The Vienna Instiute for International Economic Studies (wiiw)